Makkaḷ āṭci : (Record no. 82901)

MARC details
000 -LEADER
fixed length control field 00499cam a2200181 a 4500
001 - CONTROL NUMBER
control field sa 68009392
003 - CONTROL NUMBER IDENTIFIER
control field DLC
005 - DATE AND TIME OF LATEST TRANSACTION
control field 20260227112542.0
008 - FIXED-LENGTH DATA ELEMENTS--GENERAL INFORMATION
fixed length control field 980409s1948 ii 000 0 tam
010 ## - LIBRARY OF CONGRESS CONTROL NUMBER
LC control number sa 68009392
040 ## - CATALOGING SOURCE
Original cataloging agency DLC
Transcribing agency DLC
050 00 - LIBRARY OF CONGRESS CALL NUMBER
Classification number PL4758.9.P243
Item number M3
100 1# - MAIN ENTRY--PERSONAL NAME
Personal name Pālakuru, N. I.
245 10 - TITLE STATEMENT
Title Makkaḷ āṭci :
Remainder of title kavitaik katai /
Statement of responsibility, etc. āciriyar En̲.I. Pālakuru.
260 ## - PUBLICATION, DISTRIBUTION, ETC.
Place of publication, distribution, etc. Ērōṭu :
Name of publisher, distributor, etc. Arccun̲an̲ Nilaiyam,
Date of publication, distribution, etc. 1948.
300 ## - PHYSICAL DESCRIPTION
Extent 18 p. ;
Dimensions 19 cm.
546 ## - LANGUAGE NOTE
Language note In Tamil.

No items available.

Powered by Koha